000 01059nam a2200205 a 4500
001 39947
005 20180714013647.0
008 140415s2001 mx 000 0 spa d
020 _a968853465X
041 _aspa
082 _a379.158
_bGLA
100 1 _aGLAZMAN NOWALSKI, RAQUEL
245 1 0 _aEVALUACION Y EXCLUSION EN LA ENSEÑANZA UNIVERSITARIA
250 _a1a ed.
260 _aMEXICO :
_bPAIDOS IBERICA,
_c2001
300 _a191
_cx 16 x 22
490 _aPAIDÓS EDUCADOR
520 _aESTE LIBRO HABLA ACERCA DE LA EVALUACION, DEL PLAN DE ESTUDIOS, DE LOS PROCESOS EDUCATIVOS, DE LOS PROGRAMAS DE INVESTIGACION Y DOCENCIA, DEL DESEMPEÑO DE DOCENTES E INVESTIGADORES; ES UN TEMA CADA VES MAS PRESENTE EN LA VIDA UNIVERSITARIA. EN ESTA OBRA SE SOSTIENE QUE MEDIANTE LA PRACTICA DE EVALUAR Y A MANERA DE UN CURRICULUM OCULTO. LA EVALUACION ESTA SIRVIENDO PARA EXCLUIR Y DESCALIFICAR, EN UNA SUTIL INTERVENCION QUE TRASGREDE EN SU ESENCIA LOS PRINCIPIOS DE LA AUTONOMIA UNIVERSIT
650 1 4 _aEDUCACION
_xEVALUACION
_xUNIVERSIDADES
999 _c39947
_d39947